00486nam a2200169Ia 4500003000400000005001700004008004100021020001800062040000900080082002200089100002300111245007000134250001200204260006400216300000900280650002700289OSt20200123160558.0190216s9999||||xx |||||||||||||| ||und|| a9781259005992 coclc a332.632042bCHA/I a Chandra, Prasanna 0aInvestment Analysis And Portfolio Management /c Prasanna Chandra a4th ed. bTata Mcgraw Hill Publishing Company Ltd,c2012.aNew Delhi: a755p aEconomicsxInvestments